Quizzes
Events
Quiz Creation
Community
Videos
Private Events
Remove Ads
Sign In
Join for FREE
Feedback
Dark Mode
Quiz Categories
Sports
Geography
Music
Movies
Television
Just For Fun
Miscellaneous
History
Literature
Language
Science
Gaming
Entertainment
Religion
Holiday
For Kids
Quiz Lab
Recent
Popular Today
Quiz Kudos Today
Editor Picks
Curator Picks
Quizzes by...
Day
Popularity
Type
Ratings
Length
Year
Community
Subscriptions
Recent Discussions
Orange Saloon
Badges
Playlists
Quests
Create
Leaderboards
Showdown
Live 5
Trivia Bingo
Activity
Puzzle Library
Sporcle Events
Private Events
Virtual Trivia
Globe League
Become a Host
Pub Owners
SporcleCon
Opinionation
Our Games
Videos
Blog
Mobile Apps
Partnerships
Remove Ads and Go Orange
Feedback
Gaming
Video Games
Board Games
Card Games
Pokémon
Mario
Nintendo
Minecraft
Console
Toys
Legend of Zelda
Gaming
Video Games
Board Games
Card Games
Pokémon
Mario
Nintendo
Minecraft
Console
Toys
Legend of Zelda
Random Quiz
Search Sporcle
×
Quiz Lab
Quiz Lab
Gaming
Hedgehog
Type in answers that appear in a list
Type in answers that appear in a list
Classic
Best Score? Go Orange.
Sonic Bosses (Dreamcast Era) Stats
Name the Bosses of the Sonic the Hedgehog games (Dreamcast Era)
By
patrickshawkins
10m
65 Questions
155 Plays
155 Plays
155 Plays
Comments
Comments
Give Quiz Kudos
Give Quiz Kudos
-
- Ratings
hide this ad
Replay
Link that replays current quiz
Next Quiz
Link to next quiz in quiz playlist
You Got
0%
They Got
Avg Score
53%
Avg Friend Score
Upgrade to see
Score Distribution
Jump to the score distribution portion of the page
Score
0/65
Timer
10:00
0
Plays Today
Game
Boss
% Correct
Sonic Adventure 2
Tails vs. Dr. Eggman (Battleship)
93.5%
Sonic Adventure 2
Sonic vs. Shadow (Forest)
93.5%
Sonic Adventure 2
Tails vs. Dr. Eggman (ARK)
93.5%
Sonic Adventure 2
Sonic vs. Shadow (ARK)
93.5%
Sonic Adventure 2
Knuckles vs. Rouge
92.3%
Sonic Adventure
Chaos 0
90.3%
Sonic Adventure
Chaos 4
89%
Sonic Adventure
Knuckles
88.4%
Sonic Adventure
Chaos 2
88.4%
Sonic Adventure
Perfect Chaos
88.4%
Sonic Adventure
Chaos 6
87.7%
Sonic Adventure
Sonic
87.1%
Sonic Adventure
E-102 Gamma
83.9%
Sonic Adventure
E-101 Beta
83.2%
Sonic Adventure 2
The Biolizard
82.6%
Sonic Adventure
E-103 Delta
81.3%
Sonic Adventure
E-105 Zeta
80.6%
Sonic Adventure
ZERO
78.7%
Sonic Adventure
E-104 Epsilon
78.1%
Sonic Adventure
Egg Viper
75.5%
Sonic Adventure
Egg Hornet
74.8%
Sonic Adventure
Egg Walker
74.8%
Sonic Adventure 2
The Finalhazard
74.8%
Sonic Adventure 2
King Boom Boo
74.2%
Sonic Adventure 2
Egg Golem
73.5%
Sonic Heroes
Metal Madness/Metal Overlord
71.6%
Sonic Heroes
Egg Hawk
69%
Sonic Heroes
Egg Emperor
67.7%
Sonic Adventure 2
F-6t BIG FOOT
67.1%
Sonic Adventure 2
R-1/a FLYING DOG
66.5%
Sonic Heroes
Egg Albatross
66.5%
Sonic Adventure
E-101 mk. II
63.2%
Sonic Heroes
Robot Carnival
63.2%
Game
Boss
% Correct
Sonic Heroes
Robot Storm
61.3%
Sonic Adventure 2
B-3x HOT SHOT
60.6%
Sonic Advance 3
Egg Hammer
49.7%
Sonic Advance 3
Ultimate Gemerl
39.4%
Sonic Advance
Egg Ball
36.8%
Sonic Advance
Mecha Knuckles
35.5%
Sonic Advance
Egg-X
32.3%
Sonic Advance
Egg Hammer Tank
31%
Sonic Advance 2
Egg Frog
30.3%
Sonic Advance
Egg Spider
27.1%
Sonic Advance
Super Egg Robo
27.1%
Sonic Advance 3
Egg Wheel
26.5%
Sonic Advance
Egg Snake
25.2%
Sonic Advance 3
Egg Gravity
25.2%
Sonic Advance
Egg-Mobile: Wrecking Ball
23.9%
Sonic Advance 3
Egg Pinball
23.9%
Sonic Advance 2
Egg Totem
23.2%
Sonic Advance
Egg Press
22.6%
Sonic Heroes
City Battle
22.6%
Sonic Heroes
Jungle Battle
22.6%
Sonic Advance 2
Egg Saucer
21.9%
Sonic Advance 2
Aero Egg
21.3%
Sonic Advance 2
Egg-Go-Round
21.3%
Sonic Advance 2
Egg Hammer Tank II
20.6%
Sonic Advance 2
Super Egg Robo Z
20.6%
Sonic Advance 3
Egg Chase
20.6%
Sonic Advance 2
Egg Bomber Tank
19.4%
Sonic Advance
Egg-Mobile: Drill Machine
16.1%
Sonic Advance 2
Egg Shooter
15.5%
Sonic Advance 3
Egg Frog II
15.5%
Sonic Advance 3
Egg Terminator
15.5%
Sonic Advance 3
Egg Jack-in-the-Box
12.9%
Quiz Playlist
Details
Report
Send in Message
Add To Playlist
Classic:
Type in answers that appear in a list
Last Updated: Mar 24, 2017
Quiz Scoreboard
CHALLENGE
Sign Up to Join the Scoreboard
Show All
Scores
Hide
Comments
May contain spoilers
Recently Published
An Introduction to Baseball
by treessimontrees
Sports
5m
Movies - When Are They Set?
by FPL_Elf
Movies
5m
Popular People in 1961
by mucciniale
History
6m
More to Explore
Quiz From the Vault
Featured Blog Post
Where Did the Easter Bunny Come From?
hide this ad
You Might Also Like...
Tags
boss
Dreamcast
Era
Hedgehog
sonic
Today's Top Quizzes in Gaming
Browse Gaming
hide this ad
Top Contributed Quizzes in Gaming
1
Destiny 2 exotic weapons by perk icons
2
5-to-1: Consoles
3
Ultimate Genshin Impact Logic Puzzle (up to 4.3)
4
7-to-1: Board Game Piece Blitz
5
5-to-1: Legend of Zelda
6
Franchise by Action Figure
7
Who's on the WWE 2K24 Cover?
8
Windmill: Pokémon
9
Genshin Impact Logic Puzzle Quiz
10
Legendary or Exotic?
Explore More
Trending Topics
Harry Potter
Disney
Marvel
NBA
Anime
Kpop
Crossword
Puzzle
NFL
Soccer
WWE
The Office
Song
Country
Pokémon
hide this ad
More By:
patrickshawkins
Quiz
Plays
Rating
Category
Featured
Created
SPORCLE Pokémon
18,423
4.79
Gaming
Apr 23, 2017
Pokémon Dual Type Combinations
2,514
4.29
Gaming
Jul 18, 2016
List of Power Rangers
2,334
5.00
Television
Jan 19, 2017
Power Rangers Villains
1,374
Television
Mar 10, 2017
Pokémon Move Endings
1,110
3.00
Gaming
May 12, 2016
Go to Creator's Profile
Score Distribution
Quiz Creator Spotlight
patrickshawkins
Follow
Send a Message
Quizzes Created
-
Created Quiz Play Count
-
More By This Creator
Popular Quizzes Today
1
Find the Countries of Europe - No Outlines Minefield
2
Find the US States - No Outlines Minefield
3
The Countries of the World
4
Popular People in 1961
5
US States
6
Find the US States
7
1-10 Letter E Words III
8
Risky Map Clicking: Biggest States A-Z
More Gaming Quizzes
World of Warcraft Classic: Dungeon & Raid Bosses
Quiz Lab
Trending Quizzes
Risky Map Clicking: Least Populous States A-Z
1-10 Letter F Words
1-10 Letter G Words
One Thing in Common: United Kingdom
Not Quite an Element Typing Challenge
Recently Updated
Leaping Animals
pecheneg
Reality TV Shows (A-Z)
bhenderson79
Rickey Henderson's Hall of Fame Teammates
pecheneg
Champions League XIs: Arsenal
pecheneg
Quick Pick: Celebrities in WWE's Hall of Fame
aduchscher
A-Z Keypad Blitz II
pecheneg
Multiple Oscar Actors
pecheneg
Mystery Phrase Blitz: Oscar 'Best Actors'
pecheneg
F. Scott Fitzgerald Novels
LTH
Pick 3 Villains
ddd62291
Trending Topics
Anime
Marvel
NBA
Disney
Kpop
Harry Potter
Crossword
The Office
NFL
Song
Puzzle
WWE
Pokémon
Country
Soccer
Your Account Isn't Verified!
In order to create a playlist on Sporcle, you need to verify the email address you used during registration. Go to your
Sporcle Settings
to finish the process.
Report this User
Report this user for behavior that violates our
Community Guidelines
.
Details:
Send Report
Go to the Sporcle.com Mobile Site →
Comments